[Event "DVM U12 2022"]
[Site "München GER"]
[Date "2022.12.30"]
[Round "7"]
[White "Miede, Arthur"]
[Black "Schriefer, Leo Hans"]
[Result "0-1"]
[Termination "normal"]
[Board "6.3"]
[WhiteElo "1208"]
[BlackElo "1048"]
[WhiteClock "00:28:25"]
[BlackClock "00:11:12"]
[WhiteTeam "SC Kirchheim/Teck"]
[BlackTeam "TSG Oberschöneweide"]
[PlyCount "92"]
[WhiteFideId "34640495"]
[BlackFideId "16266935"]
[EventCountry "GER"]
[EventRounds "7"]
[EventType "team-swiss"]
[EventDate "2022.12.26"]

1. e4 {[%clk 01:30:58]} {[%emt 00:00:02]} c5 {[%clk 01:30:59]} {[%emt
00:00:01]} 2. d4 {[%clk 01:30:50]} {[%emt 00:00:38]} cxd4 {[%clk 01:31:23]}
{[%emt 00:00:06]} 3. c3 {[%clk 01:31:11]} {[%emt 00:00:08]} d5 {[%clk
01:31:43]} {[%emt 00:00:10]} 4. Qxd4 {[%clk 01:29:22]} {[%emt 00:02:19]} Nf6
{[%clk 01:27:50]} {[%emt 00:04:23]} 5. exd5 {[%clk 01:28:01]} {[%emt 00:01:52]}
Qxd5 {[%clk 01:26:21]} {[%emt 00:01:57]} 6. Nf3 {[%clk 01:26:19]} {[%emt
00:02:13]} Nc6 {[%clk 01:23:40]} {[%emt 00:03:03]} 7. Qd2 {[%clk 01:23:34]}
{[%emt 00:03:24]} g6 {[%clk 01:20:28]} {[%emt 00:03:41]} 8. Na3 {[%clk
01:20:36]} {[%emt 00:03:28]} a6 {[%clk 01:19:01]} {[%emt 00:01:57]} 9. Nc4
{[%clk 01:19:10]} {[%emt 00:01:57]} Qxd2 {[%clk 01:18:26]} {[%emt 00:01:04]}
10. Bxd2 {[%clk 01:18:48]} {[%emt 00:00:53]} Be6 {[%clk 01:12:20]} {[%emt
00:06:29]} 11. Nb6 {[%clk 01:13:51]} {[%emt 00:05:33]} Rd8 {[%clk 01:11:40]}
{[%emt 00:01:04]} 12. Ng5 {[%clk 01:12:21]} {[%emt 00:02:07]} Bf5 {[%clk
00:56:18]} {[%emt 00:15:52]} 13. Bc4 {[%clk 01:05:50]} {[%emt 00:06:59]} e6
{[%clk 00:55:31]} {[%emt 00:01:17]} 14. Bf4 {[%clk 01:03:06]} {[%emt 00:03:14]}
Bd6 {[%clk 00:35:12]} {[%emt 00:20:42]} 15. Be3 {[%clk 01:00:46]} {[%emt
00:02:58]} Ng4 {[%clk 00:30:37]} {[%emt 00:04:52]} 16. h3 {[%clk 00:55:39]}
{[%emt 00:05:51]} Nxe3 {[%clk 00:29:29]} {[%emt 00:01:38]} 17. fxe3 {[%clk
00:55:32]} {[%emt 00:00:36]} Bc5 {[%clk 00:27:40]} {[%emt 00:02:09]} 18. e4
{[%clk 00:53:15]} {[%emt 00:02:57]} Bxe4 {[%clk 00:25:36]} {[%emt 00:02:35]}
19. Na4 {[%clk 00:51:44]} {[%emt 00:02:00]} Bxg2 {[%clk 00:24:42]} {[%emt
00:01:24]} 20. Rh2 {[%clk 00:50:33]} {[%emt 00:01:41]} Bd5 {[%clk 00:22:51]}
{[%emt 00:02:16]} 21. Nxc5 {[%clk 00:50:19]} {[%emt 00:00:49]} Bxc4 {[%clk
00:22:13]} {[%emt 00:01:08]} 22. Nxb7 {[%clk 00:49:36]} {[%emt 00:01:12]} Rd7
{[%clk 00:21:54]} {[%emt 00:00:45]} 23. Ne4 {[%clk 00:49:30]} {[%emt 00:00:41]}
Ke7 {[%clk 00:19:26]} {[%emt 00:02:54]} 24. Nbc5 {[%clk 00:48:30]} {[%emt
00:01:33]} Rd5 {[%clk 00:18:30]} {[%emt 00:01:12]} 25. b3 {[%clk 00:46:57]}
{[%emt 00:02:18]} Bd3 {[%clk 00:18:53]} {[%emt 00:00:06]} 26. c4 {[%clk
00:46:09]} {[%emt 00:01:19]} Re5 {[%clk 00:17:46]} {[%emt 00:01:37]} 27. Nxd3
{[%clk 00:46:12]} {[%emt 00:00:26]} Rxe4 {[%clk 00:18:02]} {[%emt 00:00:14]}
28. Kf1 {[%clk 00:45:25]} {[%emt 00:01:18]} f5 {[%clk 00:17:20]} {[%emt
00:01:12]} 29. Nc5 {[%clk 00:44:24]} {[%emt 00:01:30]} Rf4 {[%clk 00:17:24]}
{[%emt 00:00:26]} 30. Kg1 {[%clk 00:43:46]} {[%emt 00:01:09]} a5 {[%clk
00:17:22]} {[%emt 00:00:28]} 31. Rd1 {[%clk 00:42:25]} {[%emt 00:01:54]} Rd4
{[%clk 00:17:18]} {[%emt 00:00:28]} 32. Re1 {[%clk 00:42:24]} {[%emt 00:00:38]}
e5 {[%clk 00:15:30]} {[%emt 00:02:17]} 33. Na4 {[%clk 00:40:56]} {[%emt
00:01:59]} e4 {[%clk 00:13:52]} {[%emt 00:02:08]} 34. Nc3 {[%clk 00:40:43]}
{[%emt 00:00:42]} Ne5 {[%clk 00:13:31]} {[%emt 00:00:41]} 35. Rf2 {[%clk
00:34:31]} {[%emt 00:06:52]} Nd3 {[%clk 00:13:44]} {[%emt 00:00:18]} 36. Rfe2
{[%clk 00:34:40]} {[%emt 00:00:22]} Nxe1 {[%clk 00:13:51]} {[%emt 00:00:22]}
37. Rxe1 {[%clk 00:34:58]} {[%emt 00:00:13]} Rhd8 {[%clk 00:13:35]} {[%emt
00:00:30]} 38. Nd5 {[%clk 00:34:45]} {[%emt 00:00:58]} R8xd5 {[%clk 00:13:47]}
{[%emt 00:00:18]} 39. cxd5 {[%clk 00:35:10]} {[%emt 00:00:06]} Rxd5 {[%clk
00:14:12]} {[%emt 00:00:05]} 40. Rc1 {[%clk 00:35:11]} {[%emt 00:00:28]} e3
{[%clk 00:14:11]} {[%emt 00:00:31]} 41. h4 {[%clk 00:33:52]} {[%emt 00:01:49]}
f4 {[%clk 00:14:20]} {[%emt 00:00:21]} 42. Rc4 {[%clk 00:33:35]} {[%emt
00:00:47]} Re5 {[%clk 00:11:27]} {[%emt 00:03:17]} 43. Rc1 {[%clk 00:30:57]}
{[%emt 00:03:14]} f3 {[%clk 00:11:19]} {[%emt 00:00:39]} 44. Kf1 {[%clk
00:30:37]} {[%emt 00:00:49]} Kf6 {[%clk 00:11:04]} {[%emt 00:00:45]} 45. a3
{[%clk 00:30:08]} {[%emt 00:01:00]} Kf5 {[%clk 00:10:55]} {[%emt 00:00:39]} 46.
b4 {[%clk 00:28:25]} {[%emt 00:02:13]} a4 {[%clk 00:11:12]} {[%emt 00:00:13]}
0-1

[Event "DVM U12 2022"]
[Site "München GER"]
[Date "2022.12.30"]
[Round "7"]
[White "Schucht, Adrian"]
[Black "Miede, Armin"]
[Result "1-0"]
[Termination "normal"]
[Board "6.4"]
[WhiteElo "1235"]
[BlackElo "1079"]
[WhiteClock "01:10:07"]
[BlackClock "01:08:09"]
[WhiteTeam "TSG Oberschöneweide"]
[BlackTeam "SC Kirchheim/Teck"]
[PlyCount "51"]
[WhiteFideId "34605061"]
[BlackFideId "34640487"]
[EventCountry "GER"]
[EventRounds "7"]
[EventType "team-swiss"]
[EventDate "2022.12.26"]

1. e4 {[%clk 01:30:57]} {[%emt 00:00:02]} e5 {[%clk 01:30:50]} {[%emt
00:00:10]} 2. Nf3 {[%clk 01:31:21]} {[%emt 00:00:06]} Nc6 {[%clk 01:31:12]}
{[%emt 00:00:08]} 3. d4 {[%clk 01:31:46]} {[%emt 00:00:05]} exd4 {[%clk
01:31:25]} {[%emt 00:00:17]} 4. Nxd4 {[%clk 01:32:09]} {[%emt 00:00:07]} Bc5
{[%clk 01:30:10]} {[%emt 00:01:46]} 5. Be3 {[%clk 01:32:30]} {[%emt 00:00:09]}
Nxd4 {[%clk 01:30:10]} {[%emt 00:00:30]} 6. Bxd4 {[%clk 01:32:45]} {[%emt
00:00:15]} Bxd4 {[%clk 01:30:18]} {[%emt 00:00:22]} 7. Qxd4 {[%clk 01:33:06]}
{[%emt 00:00:08]} Nf6 {[%clk 01:30:30]} {[%emt 00:00:18]} 8. e5 {[%clk
01:31:31]} {[%emt 00:02:05]} Qe7 {[%clk 01:28:57]} {[%emt 00:02:04]} 9. Be2
{[%clk 01:28:45]} {[%emt 00:03:15]} Ng8 {[%clk 01:24:28]} {[%emt 00:04:59]} 10.
Nc3 {[%clk 01:26:40]} {[%emt 00:02:34]} d6 {[%clk 01:21:30]} {[%emt 00:03:29]}
11. exd6 {[%clk 01:26:30]} {[%emt 00:00:40]} Qxd6 {[%clk 01:21:07]} {[%emt
00:00:54]} 12. Qxg7 {[%clk 01:26:27]} {[%emt 00:00:32]} Qf6 {[%clk 01:20:37]}
{[%emt 00:00:59]} 13. Qg3 {[%clk 01:24:21]} {[%emt 00:02:36]} c6 {[%clk
01:18:47]} {[%emt 00:02:22]} 14. Rd1 {[%clk 01:20:09]} {[%emt 00:04:41]} Be6
{[%clk 01:14:23]} {[%emt 00:04:55]} 15. Qc7 {[%clk 01:16:19]} {[%emt 00:04:19]}
Rd8 {[%clk 01:11:22]} {[%emt 00:03:32]} 16. Rxd8 {[%clk 01:15:33]} {[%emt
00:01:16]} Qxd8 {[%clk 01:11:36]} {[%emt 00:00:16]} 17. Qxb7 {[%clk 01:15:55]}
{[%emt 00:00:08]} Bd5 {[%clk 01:11:07]} {[%emt 00:00:59]} 18. Nxd5 {[%clk
01:13:31]} {[%emt 00:02:54]} Qxd5 {[%clk 01:11:26]} {[%emt 00:00:12]} 19. Qb8
{[%clk 01:13:42]} {[%emt 00:00:19]} Ke7 {[%clk 01:11:10]} {[%emt 00:00:46]} 20.
Qxa7 {[%clk 01:13:56]} {[%emt 00:00:16]} Kf8 {[%clk 01:11:34]} {[%emt
00:00:06]} 21. Qa3 {[%clk 01:14:03]} {[%emt 00:00:22]} Ne7 {[%clk 01:11:50]}
{[%emt 00:00:15]} 22. O-O {[%clk 01:11:45]} {[%emt 00:02:47]} Rg8 {[%clk
01:10:52]} {[%emt 00:01:27]} 23. Bf3 {[%clk 01:11:31]} {[%emt 00:00:44]} Qg5
{[%clk 01:09:25]} {[%emt 00:01:58]} 24. Rd1 {[%clk 01:10:38]} {[%emt 00:01:23]}
Kg7 {[%clk 01:08:57]} {[%emt 00:00:59]} 25. Qc3 {[%clk 01:10:07]} {[%emt
00:01:00]} Kf8 {[%clk 01:08:09]} {[%emt 00:01:18]} 26. Rd8# {[%emt 00:00:27]}
1-0

[Event "DVM U12 2022"]
[Site "München GER"]
[Date "2022.12.30"]
[Round "7"]
[White "Zielke, Constantin"]
[Black "Vinogradov, Ilia"]
[Result "0-1"]
[Termination "normal"]
[Board "7.1"]
[WhiteElo "1342"]
[BlackElo "1358"]
[WhiteClock "00:02:51"]
[BlackClock "01:00:17"]
[WhiteTeam "SG Turm Leipzig"]
[BlackTeam "SV 1947 Walldorf"]
[PlyCount "62"]
[WhiteFideId "34640576"]
[BlackFideId "34603166"]
[EventCountry "GER"]
[EventRounds "7"]
[EventType "team-swiss"]
[EventDate "2022.12.26"]

1. e4 {[%clk 01:30:59]} e5 {[%clk 01:30:58]} {[%emt 00:00:02]} 2. Nf3 {[%clk
01:31:23]} {[%emt 00:00:06]} Nc6 {[%clk 01:31:22]} {[%emt 00:00:06]} 3. Bc4
{[%clk 01:31:45]} {[%emt 00:00:09]} Bc5 {[%clk 01:31:44]} {[%emt 00:00:08]} 4.
O-O {[%clk 01:32:06]} {[%emt 00:00:08]} d6 {[%clk 01:31:21]} {[%emt 00:00:54]}
5. h3 {[%clk 01:32:29]} {[%emt 00:00:07]} Nf6 {[%clk 01:30:39]} {[%emt
00:01:12]} 6. Nc3 {[%clk 01:32:53]} {[%emt 00:00:06]} Be6 {[%clk 01:30:36]}
{[%emt 00:00:32]} 7. Bb3 {[%clk 01:33:01]} {[%emt 00:00:21]} Qd7 {[%clk
01:28:47]} {[%emt 00:02:19]} 8. Kh2 {[%clk 01:30:48]} {[%emt 00:02:44]} O-O-O
{[%clk 01:27:05]} {[%emt 00:02:13]} 9. Nd5 {[%clk 01:30:28]} {[%emt 00:00:50]}
Nxe4 {[%clk 01:25:38]} {[%emt 00:01:56]} 10. d3 {[%clk 01:26:34]} {[%emt
00:04:25]} Nxf2 {[%clk 01:22:36]} {[%emt 00:03:31]} 11. Qe2 {[%clk 01:22:34]}
{[%emt 00:04:30]} Nxh3 {[%emt 00:15:42]} 12. Nxc7 {[%clk 00:55:56]} {[%emt
00:16:13]} Kxc7 {[%clk 01:17:48]} {[%emt 00:01:02]} 13. Bxe6 {[%clk 00:56:09]}
{[%emt 00:00:17]} Qxe6 {[%clk 01:17:53]} {[%emt 00:00:24]} 14. gxh3 {[%clk
00:56:29]} {[%emt 00:00:10]} h6 {[%clk 01:17:21]} {[%emt 00:01:03]} 15. Be3
{[%clk 00:52:03]} {[%emt 00:04:56]} g5 {[%clk 01:16:00]} {[%emt 00:01:51]} 16.
Bxc5 {[%clk 00:51:57]} {[%emt 00:00:37]} dxc5 {[%clk 01:16:20]} {[%emt
00:00:10]} 17. Rae1 {[%clk 00:44:39]} {[%emt 00:07:46]} f6 {[%clk 01:16:05]}
{[%emt 00:00:47]} 18. Qg2 {[%clk 00:31:37]} {[%emt 00:13:32]} Qxa2 {[%clk
01:13:18]} {[%emt 00:03:17]} 19. b3 {[%clk 00:30:24]} {[%emt 00:01:43]} Qa5
{[%clk 01:12:02]} {[%emt 00:01:46]} 20. h4 {[%clk 00:28:44]} {[%emt 00:02:10]}
Rdg8 {[%emt 00:05:47]} 21. Qf2 {[%clk 00:19:24]} {[%emt 00:05:23]} g4 {[%clk
01:10:27]} {[%emt 00:01:15]} 22. Qg3 {[%clk 00:15:56]} {[%emt 00:03:57]} gxf3
{[%clk 01:09:46]} {[%emt 00:01:12]} 23. Qxf3 {[%clk 00:16:11]} {[%emt
00:00:15]} Nd4 {[%clk 01:09:06]} {[%emt 00:01:10]} 24. Qf2 {[%clk 00:13:14]}
{[%emt 00:03:26]} Rg4 {[%clk 01:06:43]} {[%emt 00:02:53]} 25. Kh3 {[%clk
00:10:10]} {[%emt 00:03:35]} Rhg8 {[%clk 01:05:41]} {[%emt 00:01:33]} 26. Rg1
{[%clk 00:10:16]} {[%emt 00:00:23]} h5 {[%clk 01:04:17]} {[%emt 00:01:54]} 27.
Rxg4 {[%clk 00:09:03]} {[%emt 00:01:44]} hxg4 {[%clk 01:03:27]} {[%emt
00:01:19]} 28. Kg3 {[%clk 00:08:31]} {[%emt 00:01:02]} c4 {[%clk 01:00:20]}
{[%emt 00:03:37]} 29. bxc4 {[%clk 00:07:25]} {[%emt 00:01:37]} f5 {[%clk
01:00:02]} {[%emt 00:00:48]} 30. h5 {[%clk 00:03:15]} {[%emt 00:04:40]} f4
{[%clk 01:00:11]} {[%emt 00:00:20]} 31. Kg2 {[%clk 00:02:51]} {[%emt 00:00:52]}
f3 {[%clk 01:00:17]} {[%emt 00:00:26]} 0-1

[Event "DVM U12 2022"]
[Site "München GER"]
[Date "2022.12.30"]
[Round "7"]
[White "Schirmer, Enias"]
[Black "Rössler, Leo"]
[Result "0-1"]
[Termination "normal"]
[Board "7.2"]
[WhiteElo "1363"]
[BlackElo "1373"]
[WhiteClock "00:36:25"]
[BlackClock "00:33:59"]
[WhiteTeam "SV 1947 Walldorf"]
[BlackTeam "SG Turm Leipzig"]
[PlyCount "72"]
[WhiteFideId "34609806"]
[BlackFideId "34640525"]
[EventCountry "GER"]
[EventRounds "7"]
[EventType "team-swiss"]
[EventDate "2022.12.26"]

1. e4 {[%clk 01:30:57]} {[%emt 00:00:01]} d6 {[%clk 01:30:26]} {[%emt
00:00:35]} 2. d4 {[%clk 01:31:09]} {[%emt 00:00:19]} g6 {[%clk 01:30:35]}
{[%emt 00:00:21]} 3. Nc3 {[%clk 01:31:10]} {[%emt 00:00:28]} Bg7 {[%clk
01:30:22]} {[%emt 00:00:43]} 4. Be3 {[%clk 01:31:17]} {[%emt 00:00:22]} Nf6
{[%clk 01:30:13]} {[%emt 00:00:39]} 5. f3 {[%clk 01:31:20]} {[%emt 00:00:27]}
O-O {[%clk 01:28:53]} {[%emt 00:01:51]} 6. Qd2 {[%clk 01:29:49]} {[%emt
00:02:00]} Nbd7 {[%clk 01:27:38]} {[%emt 00:01:45]} 7. Bh6 {[%clk 01:27:50]}
{[%emt 00:02:30]} a6 {[%clk 01:22:46]} {[%emt 00:05:22]} 8. Bxg7 {[%clk
01:27:37]} {[%emt 00:00:43]} Kxg7 {[%clk 01:23:00]} {[%emt 00:00:15]} 9. O-O-O
{[%clk 01:27:00]} {[%emt 00:01:08]} b5 {[%clk 01:20:08]} {[%emt 00:03:22]} 10.
g4 {[%clk 01:23:45]} {[%emt 00:03:45]} c5 {[%clk 01:12:40]} {[%emt 00:07:58]}
11. dxc5 {[%clk 01:20:19]} {[%emt 00:03:56]} dxc5 {[%clk 01:10:35]} {[%emt
00:02:35]} 12. g5 {[%clk 01:20:14]} {[%emt 00:00:35]} Nh5 {[%clk 01:08:43]}
{[%emt 00:02:21]} 13. f4 {[%clk 01:18:31]} {[%emt 00:02:13]} b4 {[%clk
01:06:21]} {[%emt 00:02:52]} 14. Na4 {[%clk 01:16:48]} {[%emt 00:02:13]} Qc7
{[%clk 01:00:48]} {[%emt 00:06:04]} 15. Ne2 {[%clk 01:12:57]} {[%emt 00:04:21]}
Qc6 {[%clk 00:57:38]} {[%emt 00:03:39]} 16. b3 {[%clk 01:08:48]} {[%emt
00:04:39]} Qxe4 {[%clk 00:55:14]} {[%emt 00:02:54]} 17. Bh3 {[%clk 01:08:38]}
{[%emt 00:00:41]} Ra7 {[%clk 00:53:41]} {[%emt 00:02:02]} 18. Bg4 {[%clk
01:06:02]} {[%emt 00:03:07]} Nb6 {[%clk 00:45:40]} {[%emt 00:08:31]} 19. Bxc8
{[%clk 01:02:06]} {[%emt 00:02:31]} Nxa4 {[%clk 00:46:01]} {[%emt 00:02:04]}
20. Bg4 {[%clk 01:00:51]} {[%emt 00:01:45]} Nb6 {[%clk 00:42:24]} {[%emt
00:04:07]} 21. Bxh5 {[%clk 01:00:08]} {[%emt 00:01:13]} gxh5 {[%clk 00:41:57]}
{[%emt 00:00:57]} 22. Ng3 {[%clk 00:59:53]} {[%emt 00:00:46]} Qf3 {[%clk
00:39:35]} {[%emt 00:02:50]} 23. Nf5 {[%emt 00:02:00]} Kh8 {[%clk 00:37:24]}
{[%emt 00:02:27]} 24. Qd8 {[%clk 00:56:15]} {[%emt 00:02:52]} Qxf4 {[%clk
00:36:50]} {[%emt 00:01:03]} 25. Kb1 {[%clk 00:55:44]} {[%emt 00:01:01]} Ra8
{[%clk 00:36:40]} {[%emt 00:00:39]} 26. Rdf1 {[%clk 00:50:00]} {[%emt
00:06:16]} Qxf1 {[%clk 00:35:24]} {[%emt 00:01:46]} 27. Rxf1 {[%clk 00:50:09]}
{[%emt 00:00:21]} Raxd8 {[%clk 00:35:30]} {[%emt 00:00:23]} 28. Nxe7 {[%clk
00:49:09]} {[%emt 00:01:31]} Nd5 {[%clk 00:34:39]} {[%emt 00:01:20]} 29. Nf5
{[%clk 00:46:58]} {[%emt 00:02:41]} Nc3 {[%clk 00:34:52]} {[%emt 00:00:17]} 30.
Kb2 {[%clk 00:44:24]} {[%emt 00:03:04]} Rd1 {[%clk 00:35:14]} {[%emt 00:00:08]}
31. Rxd1 {[%clk 00:44:25]} {[%emt 00:00:30]} Nxd1 {[%clk 00:35:37]} {[%emt
00:00:07]} 32. Kc1 {[%clk 00:44:24]} {[%emt 00:00:30]} Rd8 {[%clk 00:35:21]}
{[%emt 00:00:46]} 33. h3 {[%clk 00:40:10]} {[%emt 00:04:45]} Nc3 {[%clk
00:35:13]} {[%emt 00:00:38]} 34. Ne3 {[%clk 00:39:20]} {[%emt 00:01:20]} Kg7
{[%clk 00:33:50]} {[%emt 00:01:52]} 35. Nf5 {[%clk 00:38:48]} {[%emt 00:01:02]}
Kg6 {[%clk 00:33:50]} {[%emt 00:00:30]} 36. Nh6 {[%clk 00:36:25]} {[%emt
00:02:54]} Rd1 {[%clk 00:33:59]} {[%emt 00:00:20]} 0-1

[Event "DVM U12 2022"]
[Site "München GER"]
[Date "2022.12.30"]
[Round "7"]
[White "Sosnicki, Adrian"]
[Black "Yan, Haichen"]
[Result "0-1"]
[Termination "normal"]
[Board "7.3"]
[WhiteElo "1132"]
[BlackElo "1217"]
[WhiteClock "00:53:44"]
[BlackClock "01:15:03"]
[WhiteTeam "SG Turm Leipzig"]
[BlackTeam "SV 1947 Walldorf"]
[PlyCount "102"]
[WhiteFideId "34640541"]
[BlackFideId "34607951"]
[EventCountry "GER"]
[EventRounds "7"]
[EventType "team-swiss"]
[EventDate "2022.12.26"]

1. e4 {[%clk 01:30:30]} {[%emt 00:01:25]} c5 {[%clk 01:30:30]} {[%emt
00:00:04]} 2. c3 {[%clk 01:30:30]} {[%emt 00:00:06]} d6 {[%clk 01:30:30]}
{[%emt 00:00:36]} 3. d4 {[%clk 01:31:21]} {[%emt 00:01:46]} cxd4 {[%clk
01:31:54]} {[%emt 00:00:05]} 4. cxd4 {[%clk 01:31:47]} {[%emt 00:00:05]} Nf6
{[%clk 01:32:07]} {[%emt 00:00:16]} 5. Nc3 {[%clk 01:31:34]} {[%emt 00:00:44]}
e6 {[%clk 01:32:26]} {[%emt 00:00:10]} 6. Bd3 {[%clk 01:31:37]} {[%emt
00:00:26]} Be7 {[%clk 01:32:06]} {[%emt 00:00:51]} 7. Be3 {[%clk 01:31:53]}
{[%emt 00:00:14]} Nc6 {[%clk 01:32:11]} {[%emt 00:00:23]} 8. Nf3 {[%clk
01:32:17]} {[%emt 00:00:07]} O-O {[%clk 01:31:32]} {[%emt 00:01:09]} 9. O-O
{[%clk 01:32:33]} {[%emt 00:00:15]} a6 {[%clk 01:30:44]} {[%emt 00:01:19]} 10.
Rc1 {[%clk 01:32:42]} {[%emt 00:00:20]} Ng4 {[%clk 01:29:08]} {[%emt 00:02:06]}
11. Bb1 {[%emt 00:03:02]} Nxe3 {[%clk 01:28:11]} {[%emt 00:01:24]} 12. fxe3
{[%clk 01:30:34]} {[%emt 00:00:08]} Bg5 {[%clk 01:27:53]} {[%emt 00:00:49]} 13.
Re1 {[%clk 01:30:15]} {[%emt 00:00:49]} Bh6 {[%clk 01:27:39]} {[%emt 00:00:44]}
14. a3 {[%clk 01:30:19]} {[%emt 00:00:27]} e5 {[%clk 01:24:05]} {[%emt
00:06:22]} 15. Rc2 {[%clk 01:26:03]} {[%emt 00:03:27]} Bg4 {[%clk 01:21:47]}
{[%emt 00:02:49]} 16. Rf2 {[%clk 01:25:43]} {[%emt 00:00:49]} Bxe3 {[%emt
00:04:13]} 17. Rxe3 {[%clk 01:23:02]} {[%emt 00:03:08]} exd4 {[%clk 01:18:22]}
{[%emt 00:00:14]} 18. Rd3 {[%clk 01:22:51]} {[%emt 00:00:41]} dxc3 {[%clk
01:18:17]} {[%emt 00:00:35]} 19. Rxd6 {[%clk 01:23:02]} {[%emt 00:00:19]} Qa5
{[%clk 01:18:09]} {[%emt 00:00:38]} 20. Qc2 {[%clk 01:22:29]} {[%emt 00:01:03]}
cxb2 {[%clk 01:18:02]} {[%emt 00:00:37]} 21. e5 {[%clk 01:22:33]} {[%emt
00:00:26]} g6 {[%clk 01:17:29]} {[%emt 00:01:03]} 22. Qxb2 {[%clk 01:21:29]}
{[%emt 00:01:34]} Bxf3 {[%clk 01:17:29]} {[%emt 00:00:29]} 23. gxf3 {[%clk
01:19:32]} {[%emt 00:02:27]} Qxe5 {[%clk 01:17:04]} {[%emt 00:00:55]} 24. Rd7
{[%clk 01:09:10]} {[%emt 00:10:53]} Qxb2 {[%clk 01:16:18]} {[%emt 00:01:16]}
25. Rxb2 {[%clk 01:09:25]} {[%emt 00:00:14]} b5 {[%clk 01:16:18]} {[%emt
00:00:30]} 26. Be4 {[%clk 01:07:29]} {[%emt 00:02:27]} Ne5 {[%clk 01:15:46]}
{[%emt 00:01:01]} 27. Re7 {[%clk 01:07:34]} {[%emt 00:00:26]} Rae8 {[%clk
01:16:01]} {[%emt 00:00:15]} 28. Rxe8 {[%clk 01:06:10]} {[%emt 00:01:54]} Rxe8
{[%clk 01:16:18]} {[%emt 00:00:13]} 29. Bb7 {[%clk 01:06:29]} {[%emt 00:00:11]}
Nc4 {[%clk 01:16:38]} {[%emt 00:00:10]} 30. Ra2 {[%emt 00:04:09]} Re3 {[%clk
01:15:24]} {[%emt 00:01:36]} 31. a4 {[%clk 00:55:21]} {[%emt 00:08:07]} Ra3
{[%clk 01:14:19]} {[%emt 00:01:35]} 32. Rxa3 {[%clk 00:55:41]} {[%emt
00:00:08]} Nxa3 {[%clk 01:14:35]} {[%emt 00:00:15]} 33. axb5 {[%clk 00:56:06]}
{[%emt 00:00:06]} axb5 {[%clk 01:14:56]} {[%emt 00:00:09]} 34. Kf1 {[%clk
00:56:30]} {[%emt 00:00:06]} b4 {[%clk 01:14:57]} {[%emt 00:00:29]} 35. Bd5
{[%clk 00:56:32]} {[%emt 00:00:28]} Kf8 {[%clk 01:14:17]} {[%emt 00:01:09]} 36.
Ke2 {[%clk 00:56:48]} {[%emt 00:00:14]} Ke7 {[%clk 01:14:29]} {[%emt 00:00:18]}
37. Kd3 {[%clk 00:56:15]} {[%emt 00:01:04]} f6 {[%clk 01:14:50]} {[%emt
00:00:09]} 38. Kd2 {[%clk 00:56:05]} {[%emt 00:00:40]} Kd6 {[%emt 00:00:53]}
39. Bg8 {[%clk 00:55:47]} h6 {[%clk 01:15:31]} {[%emt 00:00:13]} 40. f4 {[%clk
00:55:43]} {[%emt 00:00:34]} Kc5 {[%clk 01:14:08]} {[%emt 00:01:53]} 41. Bf7
{[%clk 00:54:37]} {[%emt 00:01:35]} g5 {[%clk 01:13:46]} {[%emt 00:00:52]} 42.
fxg5 {[%clk 00:54:34]} {[%emt 00:00:34]} fxg5 {[%clk 01:13:48]} {[%emt
00:00:28]} 43. Ke3 {[%clk 00:54:46]} {[%emt 00:00:18]} Nc4 {[%clk 01:13:41]}
{[%emt 00:00:37]} 44. Kf2 {[%clk 00:54:47]} {[%emt 00:00:29]} b3 {[%clk
01:14:01]} {[%emt 00:00:10]} 45. Kg3 {[%clk 00:54:35]} {[%emt 00:00:41]} b2
{[%clk 01:14:02]} {[%emt 00:00:30]} 46. Bg6 {[%clk 00:54:56]} {[%emt 00:00:09]}
Kd4 {[%clk 01:14:03]} {[%emt 00:00:29]} 47. h4 {[%clk 00:53:47]} {[%emt
00:01:39]} Nd2 {[%clk 01:14:03]} {[%emt 00:00:30]} 48. hxg5 {[%clk 00:53:56]}
{[%emt 00:00:21]} Ne4 {[%clk 01:13:59]} {[%emt 00:00:34]} 49. Bxe4 {[%clk
00:53:24]} {[%emt 00:01:01]} Kxe4 {[%clk 01:14:24]} {[%emt 00:00:05]} 50. gxh6
{[%clk 00:53:46]} {[%emt 00:00:22]} b1=Q {[%clk 01:14:48]} 51. h7 {[%clk
00:53:44]} {[%emt 00:00:25]} Qg1 {[%clk 01:15:03]} {[%emt 00:00:15]} 0-1